| 000 | 00946nam a2200253 4500 | ||
|---|---|---|---|
| 001 | 361 | ||
| 003 | OSt | ||
| 005 | 20250401130950.0 | ||
| 008 | 250401b |||||||e |||| 00| 0 eng d | ||
| 020 | _a978595440111 | ||
| 040 | _bpor | ||
| 041 | _apor | ||
| 082 |
_a133.9 _bB663e |
||
| 100 | 1 |
_aBoberg, José Lázaro _d1942- _9748 |
|
| 245 |
_aO Evangelho de Maria Madalena / _cBoberg, José Lázaro |
||
| 260 |
_aCapivari _bEME _c2017 |
||
| 300 | _a242 p. | ||
| 520 | _aNeste livro, José Lázaro Boberg busca reconstruir a verdade sobre Maria Madalena, uma das personagens femininas mais fortes da literatura antiga e que está presente nas reflexões espíritas. O que dizem os outros evangelhos? Ela foi esposa de Jesus? Foi prostituta? Foi a verdadeira fundadora do Cristianismo? | ||
| 650 | 0 |
_aLiteratura Brasileira _9205 |
|
| 650 | 0 |
_aEstudos Espíritas _9165 |
|
| 650 | 0 |
_aMaria Madalena _9749 |
|
| 650 | 0 |
_aTeoria _96 |
|
| 942 |
_2ddc _n0 _cBK |
||
| 999 |
_c361 _d361 |
||